| 000 | 00615cam a22002171 4500 | ||
|---|---|---|---|
| 001 | ca 31000810 | ||
| 003 | DLC | ||
| 005 | 20260227111125.0 | ||
| 008 | 790424s1913 pl h b 000 0 pol | ||
| 010 | _aca 31000810 | ||
| 035 | _a(OCoLC)4891797 | ||
| 040 |
_aDLC _cMiDW _dDLC |
||
| 042 | _apremarc | ||
| 050 | 0 | 0 |
_aBX4827.B75 _bM4 |
| 100 | 1 |
_aMerczyng, Henryk, _d1859-1914. |
|
| 245 | 0 | 0 | _aSzymon Budny jako krytyk tekstów biblijnych. |
| 260 |
_aKraków, _bAkademia umiejętności, _c1913. |
||
| 300 |
_ax, 178 p. _bfacsims. _c21 cm. |
||
| 504 | _aŹródła :p. 4-8. | ||
| 600 | 1 | 0 |
_aBudny, Szymon, _d16th century. |
| 999 |
_c16859 _d16859 |
||